000
00347nam a2200145Ia 4500
008
240624s9999 xx 000 0 und d
041
_a
eng
082
_a
658.85 REI
100
_a
REILLY TOM
245
_a
VALUE ADDED SELLING
250
_a
(3rd ed.)
260
_a
New Delhi
_b
Tata McGraw-Hill
300
_a
277 : p. : cm. ; 24
365
_c
RS
_b
33
999
_c
25837
_d
25837